Statistics for Jane Wyman Filmography

Click here to take the quiz!

General Stats

  • This quiz has been taken 8 times
    (5 since last reset)
  • The average score is 5 of 125

Answer Stats

TypeYearName% Correct
Film1948Johnny Belinda
67%
Film1954Magnificent Obsession
67%
Film1945The Lost Weekend
67%
Film1946The Yearling
67%
Film1938Brother Rat
33%
TV Show1993Dr. Quinn, Medicine Woman
33%
TV Show1981-1990Falcon Crest
33%
TV Show1955-1958Jane Wyman Presents
33%
Film1960Pollyanna
33%
Film1951The Blue Veil
33%
Film1950The Glass Menagerie
33%
TV Show1980The Love Boat
33%
TV Special1960Academy Award Songs
0%
Film1949A Kiss in the Dark
0%
Short Film1940Alice in Movieland
0%
Film1955All That Heavens Allows
0%
Film1935All the King's Horses
0%
TV Film1973Amanda Fallon
0%
Film1940An Angel from Texas
0%
Film1936Anything Goes
0%
TV Pilot1961Aspen Hill
0%
Film1941Bad Men of Missouri
0%
Film1936Bengal Tiger
0%
TV Show1966Bob Hope Presents the Chrysler Theatre
0%
Film1962Bon Voyage!
0%
Film1935Broadway Hostess
0%
Film1940Brother Rat and a Baby
0%
Radio Series1947Burns and Allen
0%
Film1936Cain and Mabel
0%
TV Show1952Campbell Summer Soundstage
0%
TV Show1980Charlie's Angels
0%
TV Show1960Checkmate
0%
Film1947Cheyenne
0%
Film1934College Rhythm
0%
Film1944Crime by Night
0%
Film1933Elmer, the Great
0%
Film1940Flight Angels
0%
Film1938Fools for Scandal
0%
Film1942Footlight Serenade
0%
Film1936Freshman Love
0%
Film1940Gambling on the High Seas
0%
TV Show1955General Electric Theater
0%
Film1935George White's 1935 Scandals
0%
Film1933Gold Diggers of 1933
0%
Film1936Gold Diggers of 1937
0%
Radio Series1952Hallmark Playhouse
0%
Film1938He Couldn't Say No
0%
Film1936Here Comes Carter
0%
Film1951Here Comes the Groom
0%
Film1959Holiday for Lovers
0%
Radio Series1952Hollywood Star Playhouse
0%
Film1941Honeymoon for Three
0%
Film1969How to Commit Marriage
0%
TV Show1962, 1964, 1967, 1970Insight
0%
Film1952Just for You
0%
Film1939Kid Nightingale
0%
Film1936King of Burlesque
0%
Film1942Larceny, Inc
0%
Film1953Let's Do It Again
0%
Short Film1937Little Pioneer
0%
Film1955Lucy Gallant
0%
TV Show1959Lux Playhouse
0%
Radio Series1952Lux Radio Theatre
0%
Film1947Magic Town
0%
Film1944Make Your Own Bed
0%
Film1956Miracle in the Rain
0%
Film1937Mr. Dodd Takes the Air
0%
Film1942My Favorite Spy
0%
Film1940My Love Came Back
0%
Film1936My Man Godfrey
0%
TV Show1970My Three Sons
0%
Film1946Night and Day
0%
Film1946One More Tomorrow
0%
Film1937Over the Goal
0%
TV Show1974Owen Marshall, Counselor at Law
0%
TV Show1958, 1959Perry Como's Kraft Music Hall
0%
Film1936Polo Joe
0%
Film1943Princess O'Rourke
0%
Film1939Private Detective
0%
Film1937Public Wedding
0%
Film1937Ready, Willing, and Able
0%
Film1935Rumba
0%
Radio Series1946, 1947Screen Guild Players
0%
Film1937Slim
0%
Film1937Smart Blonde
0%
Film1953So Big
0%
Film1950Stage Fright
0%
Film1936Stage Struck
0%
TV Show1960Startime
0%
Film1935Stolen Harmony
0%
TV Show1957Summer Playhouse
0%
Film1939Tail Spin
0%
TV Show1963The Andy Williams Show
0%
TV Show1964The Bell Telephone Hour
0%
TV Show1961, 1969The Bob Hope Show
0%
Film1941The Body Disappears
0%
TV Show1972, 1973The Bold Ones: The New Doctors
0%
Film1938The Crowd Roars
0%
Film1944The Doughgirls
0%
TV Film1971The Failing of Raymond
0%
TV Show1971The Glen Campbell Goodtime Hour
0%
TV Film1979The Incredible Journey of Doctor Meg Laurel
0%
TV Show1961The Investigators
0%
TV Show1969, 1970The Jim Nabors Hour
0%
Film1939The Kid from Kokomo
0%
Film1932The Kid from Spain
0%
Film1937The King and the Chorus Girl
0%
Film1949The Lady Takes a Sailor
0%
TV Show1957The Lux Show
0%
TV Show1970The Mike Douglas Show
0%
TV Show1968The Red Skelton Hour
0%
TV Show1957The Rosemary Clooney Show
0%
Film1937The Singing Marine
0%
TV Show1972The Sixth Sense
0%
Film1938The Spy Ring
0%
Film1952The Story of Will Rogers
0%
TV Show1957, 1958The Tennessee Ernie Ford Show
0%
Film1951Three Guys Named Mike
0%
Short Film1953Three Lives
0%
Film1939Torchy Blane... Playing with Dynamite
0%
Film1940Tugboat Annie Sails Again
0%
TV Show1958, 1962Wagon Train
0%
TV Show1960Westinghouse Desilu Playhouse
0%
Film1938Wide Open Faces
0%
Film1941You're in the Army Now
0%

Score Distribution

Percentile by Number Answered

Percent of People with Each Score

Your Score History

You have not taken this quiz since the last reset